<?xml version="1.0" encoding="UTF-8"?>
<record
    xmlns:xsi="http://www.w3.org/2001/XMLSchema-instance"
    xsi:schemaLocation="http://www.loc.gov/MARC21/slim http://www.loc.gov/standards/marcxml/schema/MARC21slim.xsd"
    xmlns="http://www.loc.gov/MARC21/slim">

  <leader>01386cam a22003011i 4500</leader>
  <controlfield tag="003">SA-RiAUC</controlfield>
  <controlfield tag="005">20250202124133.0</controlfield>
  <controlfield tag="008">241222s1999    su     g      000 0 ara c</controlfield>
  <datafield tag="040" ind1=" " ind2=" ">
    <subfield code="a">JO-IrYU</subfield>
    <subfield code="b">ara</subfield>
    <subfield code="c">SA-RiAUC</subfield>
    <subfield code="e">rda</subfield>
  </datafield>
  <datafield tag="050" ind1="1" ind2="4">
    <subfield code="b">.B8 1999</subfield>
  </datafield>
  <datafield tag="082" ind1="0" ind2="4">
    <subfield code="a">237.6 </subfield>
  </datafield>
  <datafield tag="090" ind1=" " ind2=" ">
    <subfield code="a">237.6 </subfield>
    <subfield code="b">  &#x628; &#x646; &#x62C;</subfield>
  </datafield>
  <datafield tag="100" ind1="1" ind2=" ">
    <subfield code="a">&#x627;&#x644;&#x628;&#x646;&#x62C;&#x627;&#x628;&#x64A;&#x60C; &#x645;&#x62D;&#x645;&#x62F; &#x628;&#x646; &#x639;&#x628;&#x62F; &#x627;&#x644;&#x643;&#x631;&#x64A;&#x645; &#x628;&#x646; &#x639;&#x628;&#x64A;&#x62F;&#x60C;</subfield>
    <subfield code="d">1380 &#x647;&#x62C;&#x631;&#x64A;-</subfield>
    <subfield code="e">&#x645;&#x624;&#x644;&#x641;.</subfield>
  </datafield>
  <datafield tag="245" ind1="1" ind2="0">
    <subfield code="a">&#x62A;&#x62E;&#x631;&#x64A;&#x62C; &#x627;&#x644;&#x623;&#x62D;&#x627;&#x62F;&#x64A;&#x62B; &#x627;&#x644;&#x645;&#x631;&#x641;&#x648;&#x639;&#x629; &#x627;&#x644;&#x645;&#x633;&#x646;&#x62F;&#x629; &#x641;&#x64A; &#x643;&#x62A;&#x627;&#x628; &#x627;&#x644;&#x62A;&#x627;&#x631;&#x64A;&#x62E; &#x627;&#x644;&#x643;&#x628;&#x64A;&#x631; &#x644;&#x623;&#x628;&#x64A; &#x639;&#x628;&#x62F; &#x627;&#x644;&#x644;&#x647; &#x645;&#x62D;&#x645;&#x62F; &#x628;&#x646; &#x625;&#x633;&#x645;&#x627;&#x639;&#x64A;&#x644; &#x627;&#x644;&#x628;&#x62E;&#x627;&#x631;&#x64A; /</subfield>
    <subfield code="c">&#x625;&#x639;&#x62F;&#x627;&#x62F; &#x645;&#x62D;&#x645;&#x62F; &#x628;&#x646; &#x639;&#x628;&#x62F; &#x627;&#x644;&#x643;&#x631;&#x64A;&#x645; &#x628;&#x646; &#x639;&#x628;&#x64A;&#x62F;.</subfield>
  </datafield>
  <datafield tag="250" ind1=" " ind2=" ">
    <subfield code="a">&#x627;&#x644;&#x637;&#x628;&#x639;&#x629; &#x627;&#x644;&#x627;&#x648;&#x644;&#x64A;</subfield>
  </datafield>
  <datafield tag="264" ind1=" " ind2="1">
    <subfield code="a">&#x627;&#x644;&#x631;&#x64A;&#x627;&#x636; :</subfield>
    <subfield code="b">&#x645;&#x643;&#x62A;&#x628;&#x629; &#x627;&#x644;&#x631;&#x634;&#x62F;&#x60C;</subfield>
    <subfield code="c">1999</subfield>
  </datafield>
  <datafield tag="300" ind1=" " ind2=" ">
    <subfield code="a">3 &#x645;&#x62C;&#x644;&#x62F; &#x61B;</subfield>
    <subfield code="c">24 &#x633;&#x645;</subfield>
  </datafield>
  <datafield tag="336" ind1=" " ind2=" ">
    <subfield code="a">&#x646;&#x635;</subfield>
    <subfield code="b">txt</subfield>
    <subfield code="2">rdacontent</subfield>
    <subfield code="3">&#x643;&#x62A;&#x627;&#x628;</subfield>
  </datafield>
  <datafield tag="337" ind1=" " ind2=" ">
    <subfield code="a">&#x628;&#x62F;&#x648;&#x646; &#x648;&#x633;&#x64A;&#x637;</subfield>
    <subfield code="b">n</subfield>
    <subfield code="2">rdamedia</subfield>
  </datafield>
  <datafield tag="338" ind1=" " ind2=" ">
    <subfield code="a">&#x645;&#x62C;&#x644;&#x62F;</subfield>
    <subfield code="b">nc</subfield>
    <subfield code="2">rdacarrier</subfield>
  </datafield>
  <datafield tag="500" ind1=" " ind2=" ">
    <subfield code="a">&#x627;&#x647;&#x62F;&#x627;&#x621; &#x645;&#x646; &#x627;&#x644;&#x645;&#x624;&#x644;&#x641; &#x645;&#x62D;&#x645;&#x62F; &#x628;&#x646; &#x639;&#x628;&#x62F;&#x627;&#x644;&#x643;&#x631;&#x64A;&#x645; &#x628;&#x646; &#x639;&#x628;&#x64A;&#x62F; &#x628;&#x62A;&#x627;&#x631;&#x64A;&#x62E; 20/ 2 / 1421 &#x647;&#x640;</subfield>
  </datafield>
  <datafield tag="650" ind1=" " ind2="7">
    <subfield code="a">&#x627;&#x644;&#x62D;&#x62F;&#x64A;&#x62B;</subfield>
    <subfield code="x">&#x645;&#x633;&#x62A;&#x62E;&#x631;&#x62C;&#x627;&#x62A;</subfield>
    <subfield code="2">aucsh</subfield>
  </datafield>
  <datafield tag="650" ind1=" " ind2="7">
    <subfield code="a">&#x627;&#x644;&#x62D;&#x62F;&#x64A;&#x62B; &#x627;&#x644;&#x645;&#x631;&#x641;&#x648;&#x639;</subfield>
    <subfield code="2">aucsh</subfield>
  </datafield>
  <datafield tag="700" ind1="1" ind2="2">
    <subfield code="a">&#x627;&#x644;&#x628;&#x62E;&#x627;&#x631;&#x64A;&#x60C; &#x645;&#x62D;&#x645;&#x62F; &#x628;&#x646; &#x625;&#x633;&#x645;&#x627;&#x639;&#x64A;&#x644; &#x628;&#x646; &#x625;&#x628;&#x631;&#x627;&#x647;&#x64A;&#x645;&#x60C;</subfield>
    <subfield code="d">194-256 &#x647;&#x62C;&#x631;&#x64A;</subfield>
  </datafield>
  <datafield tag="740" ind1="2" ind2="2">
    <subfield code="a">&#x627;&#x644;&#x62A;&#x627;&#x631;&#x64A;&#x62E; &#x627;&#x644;&#x643;&#x628;&#x64A;&#x631;.</subfield>
  </datafield>
  <datafield tag="942" ind1=" " ind2=" ">
    <subfield code="2">ddc</subfield>
    <subfield code="c">BOOK</subfield>
    <subfield code="n">0</subfield>
  </datafield>
  <datafield tag="949" ind1=" " ind2=" ">
    <subfield code="a">SA-JeALM</subfield>
    <subfield code="d">241222</subfield>
    <subfield code="u">eid123</subfield>
    <subfield code="n">1</subfield>
  </datafield>
  <datafield tag="952" ind1=" " ind2=" ">
    <subfield code="0">0</subfield>
    <subfield code="1">0</subfield>
    <subfield code="2">ddc</subfield>
    <subfield code="3">&#x627;&#x644;&#x62C;&#x632;&#x621; &#x627;&#x644;&#x627;&#x648;&#x644;</subfield>
    <subfield code="4">0</subfield>
    <subfield code="7">0</subfield>
    <subfield code="8">gift</subfield>
    <subfield code="a">WAHAB</subfield>
    <subfield code="b">WAHAB</subfield>
    <subfield code="d">2024-12-22</subfield>
    <subfield code="l">0</subfield>
    <subfield code="o">237.6  &#x628; &#x646; &#x62C;</subfield>
    <subfield code="p">000005983</subfield>
    <subfield code="r">2024-12-22 12:26:26</subfield>
    <subfield code="w">2024-12-22</subfield>
    <subfield code="y">BOOK</subfield>
  </datafield>
  <datafield tag="952" ind1=" " ind2=" ">
    <subfield code="0">0</subfield>
    <subfield code="1">0</subfield>
    <subfield code="2">ddc</subfield>
    <subfield code="3">&#x627;&#x644;&#x62C;&#x632;&#x621; &#x627;&#x644;&#x62B;&#x627;&#x646;&#x64A;</subfield>
    <subfield code="4">0</subfield>
    <subfield code="7">0</subfield>
    <subfield code="8">gift</subfield>
    <subfield code="a">WAHAB</subfield>
    <subfield code="b">WAHAB</subfield>
    <subfield code="d">2024-12-22</subfield>
    <subfield code="l">0</subfield>
    <subfield code="o">237.6  &#x628; &#x646; &#x62C;</subfield>
    <subfield code="p">000005984</subfield>
    <subfield code="r">2024-12-22 12:26:26</subfield>
    <subfield code="w">2024-12-22</subfield>
    <subfield code="y">BOOK</subfield>
  </datafield>
  <datafield tag="952" ind1=" " ind2=" ">
    <subfield code="0">0</subfield>
    <subfield code="1">0</subfield>
    <subfield code="2">ddc</subfield>
    <subfield code="4">0</subfield>
    <subfield code="7">0</subfield>
    <subfield code="a">WAHAB</subfield>
    <subfield code="b">WAHAB</subfield>
    <subfield code="d">2025-02-02</subfield>
    <subfield code="l">0</subfield>
    <subfield code="o">237.6 &#x628; &#x646; &#x62C;</subfield>
    <subfield code="p">000007107</subfield>
    <subfield code="r">2025-02-02 12:39:03</subfield>
    <subfield code="w">2025-02-02</subfield>
    <subfield code="y">BOOK</subfield>
  </datafield>
  <datafield tag="952" ind1=" " ind2=" ">
    <subfield code="0">0</subfield>
    <subfield code="1">0</subfield>
    <subfield code="2">ddc</subfield>
    <subfield code="3">&#x627;&#x644;&#x62C;&#x632;&#x621; &#x627;&#x644;&#x627;&#x648;&#x644;</subfield>
    <subfield code="4">0</subfield>
    <subfield code="7">0</subfield>
    <subfield code="a">WAHAB</subfield>
    <subfield code="b">WAHAB</subfield>
    <subfield code="d">2025-02-02</subfield>
    <subfield code="l">0</subfield>
    <subfield code="o">237.6 &#x628; &#x646; &#x62C;</subfield>
    <subfield code="p">000008598</subfield>
    <subfield code="r">2025-02-02 12:40:06</subfield>
    <subfield code="w">2025-02-02</subfield>
    <subfield code="y">BOOK</subfield>
  </datafield>
  <datafield tag="952" ind1=" " ind2=" ">
    <subfield code="0">0</subfield>
    <subfield code="1">0</subfield>
    <subfield code="2">ddc</subfield>
    <subfield code="3">&#x627;&#x644;&#x62C;&#x632;&#x621; &#x627;&#x644;&#x62B;&#x627;&#x646;&#x64A;</subfield>
    <subfield code="4">0</subfield>
    <subfield code="7">0</subfield>
    <subfield code="a">WAHAB</subfield>
    <subfield code="b">WAHAB</subfield>
    <subfield code="d">2025-02-02</subfield>
    <subfield code="l">0</subfield>
    <subfield code="o">237.6 &#x628; &#x646; &#x62C;</subfield>
    <subfield code="p">000008599</subfield>
    <subfield code="r">2025-02-02 12:40:06</subfield>
    <subfield code="w">2025-02-02</subfield>
    <subfield code="y">BOOK</subfield>
  </datafield>
  <datafield tag="952" ind1=" " ind2=" ">
    <subfield code="0">0</subfield>
    <subfield code="1">0</subfield>
    <subfield code="2">ddc</subfield>
    <subfield code="3">&#x627;&#x644;&#x62C;&#x632;&#x621; &#x627;&#x644;&#x62B;&#x627;&#x644;&#x62B;</subfield>
    <subfield code="4">0</subfield>
    <subfield code="7">0</subfield>
    <subfield code="a">WAHAB</subfield>
    <subfield code="b">WAHAB</subfield>
    <subfield code="d">2025-02-02</subfield>
    <subfield code="l">0</subfield>
    <subfield code="o">237.6 &#x628; &#x646; &#x62C;</subfield>
    <subfield code="p">000008600</subfield>
    <subfield code="r">2025-02-02 12:40:06</subfield>
    <subfield code="w">2025-02-02</subfield>
    <subfield code="y">BOOK</subfield>
  </datafield>
  <datafield tag="999" ind1=" " ind2=" ">
    <subfield code="c">3775</subfield>
    <subfield code="d">3775</subfield>
  </datafield>
</record>
